Longest Civil Wars - Statistics

General Stats
  • This quiz has been taken 291 times
  • The average score is 10 of 20
Answer Stats
Dates Answer % Correct
1407-1435 Armagnac–Burgundian Civil War (France)
74%
1562-1598 French Wars of Religion
74%
1425-1453 Muscovite Civil War (Russia)
73%
1918-2003 Iraq-Kurdistan
63%
1533-1677 Lê–Mạc Dynasties War (Vietnam)
56%
1771-1802 Tây Sơn wars (Vietnam)
56%
1627-1772, 1774-1775 Trịnh–Nguyễn Lords War (Vietnam)
56%
1948-present Myanmar
55%
1989-present Somalia
55%
1455-1485 Wars of the Roses (England)
53%
1948-present Israel-Palestine
50%
1963-present Indonesia Papua
48%
1978-present Turkey-Kurdistan
48%
1975-2005 Free Aceh Movement (Indonesia)
46%
1964-present Colombia
40%
1975-present Cabinda War (Angola)
38%
1969-present Philippines
31%
1962-1990 Insurgency in Sarawak (Malaysia)
29%
1960-1998 The Troubles (UK/Northern Ireland)
8%
1297-1330 Livonia
2%
No matching quizzes found
Score Distribution
Percent of People with Each Score
Percentile by Number Answered
Your Score History
You have not taken this quiz